[Event "Extremadura-chT"]
[Site "Spain"]
[Date "2009.01.24"]
[Round "2.2"]
[White "Martinez Arce, Alejandro"]
[Black "Crespo Santiago, Angel A"]
[Result "0-1"]
[WhiteElo "1846"]
[BlackElo "1846"]
[PlyCount "118"]
[EventDate "2009.01.17"]
[EventType "team-swiss"]
[EventRounds "9"]
[EventCountry "ESP"]
[SourceTitle "EXT 2011"]
[Source "ChessBase"]
[SourceDate "2010.11.26"]
[SourceVersion "1"]
[SourceVersionDate "2010.11.26"]
[SourceQuality "1"]
[WhiteTeam "Pardaleras"]
[BlackTeam "Miguel Illescas"]
[WhiteTeamCountry "ESP"]
[BlackTeamCountry "ESP"]

1. e4 c5 2. Nc3 Nc6 3. g3 Nf6 4. Bg2 g6 5. f4 d6 6. Nf3 Bg7 7. 0-0 0-0 8. d3 a6 9. Rb1 Rb8 10. Bd2 b5 11. a3 e6 12. Ng5 Nd4 13. Ne2 Nxe2+ 14. Qxe2 h6 15. Nf3 Re8 16. Be3 Bb7 17. e5 Nd5 18. Bd2 Ne7 19. exd6 Qxd6 20. Nh4 Red8 21. Bxb7 Rxb7 22. Qe4 Rbd7 23. Rfe1 Nc6 24. Nf3 Nd4 25. Nxd4 Bxd4+ 26. Kf1 Qd5 27. b3 Qh5 28. Kg2 Bg7 29. Ba5 Rc8 30. Bd2 Rd4 31. Qb7 Qd5+ 32. Qxd5 Rxd5 33. Re4 c4 34. bxc4 bxc4 35. d4 Bxd4 36. Kf1 Bg7 37. Be3 Bf8 38. a4 Ra5 39. Ra1 Bb4 40. Bb6 Rd5 41. Rd4 Bc5 42. Rxd5 exd5 43. Ba5 Rc6 44. Rd1 d4 45. Ke2 f6 46. Kf3 Kf7 47. g4 Re6 48. Rb1 d3 49. cxd3 cxd3 50. Rd1 Re3+ 51. Kg2 Re2+ 52. Kh3 Re3+ 53. Kg2 Ke6 54. Bc3 f5 55. gxf5+ Kxf5 56. Bd2 Re2+ 57. Kh3 Be3 58. Bxe3 Rxe3+ 59. Kg2 Kxf4 0-1